| 000 | 00476nam a2200205Ia 4500 | ||
|---|---|---|---|
| 008 | 170918s9999 xx 000 0 und d | ||
| 020 | _a9780439801982 | ||
| 050 | _bW699 2005 | ||
| 100 | _aWillems, Mo | ||
| 245 | _aKnuffle bunny : | ||
| 245 | _ba cautionary tale / | ||
| 245 | _cby Mo Willems. | ||
| 260 | _aNew York : | ||
| 260 | _bScholastic, | ||
| 260 | _c2005 | ||
| 300 | _aunpaged : | ||
| 300 | _bcolored illustration ; | ||
| 300 | _c23cm. | ||
| 500 | _a120 | ||
| 999 |
_c343025 _d343025 |
||